000
00319nam a22001457a 4500
020
_a
978-93-53-909215
082
_a
894.812
_b
IND8D
100
_a
INDUGOPAN G.R
245
_a
DTECTIVE PRABHAKARN
260
_a
KOTTAYAM
_b
DC BOOKS
_c
2022
300
_a
382
520
_a
SHORT STORY
650
_a
SHORT STORY
942
_c
BK
999
_c
7103
_d
7103